Bảo hiểm xã hội : 370
Trong số này bao gồm các chủ đề tin tức - sự kiện; thực hiện thắng lợi nghị quyết 28-NQ/TW; vấn đề bạn đọc quan tâm; nghiên cứu - trao đổi; thực tiển - kinh nghiệm; mô hình - điển hình; nhìn ra thế giới; BHYT và đời sống; vấn đề hôm nay...
Gardado en:
| Formato: | Libro |
|---|---|
| Idioma: | Vietnamese |
| Publicado: |
H.
Bảo hiểm xã hội Việt Nam
2019
|
| Những chủ đề: | |
| Các nhãn: |
Engadir etiqueta
Sen Etiquetas, Sexa o primeiro en etiquetar este rexistro!
|
| Thư viện lưu trữ: | Thư viện Trường Đại học Nam Cần Thơ |
|---|
| LEADER | 01173nam a22002177a 4500 | ||
|---|---|---|---|
| 001 | NCT_112779 | ||
| 008 | 220309b xxu||||| |||| 00| 0 vie d | ||
| 999 | |c 5739 |d 5739 | ||
| 022 | |a 1859-2562 | ||
| 041 | |a vie | ||
| 082 | 0 | 4 | |2 23rd ed. |a 344.59702 |b B108H |
| 245 | 0 | 0 | |a Bảo hiểm xã hội : |n 370 |c Bảo hiểm xã hội Việt Nam |
| 260 | |a H. |b Bảo hiểm xã hội Việt Nam |c 2019 | ||
| 300 | |c 28cm | ||
| 310 | |a 02 kỳ 1 tháng | ||
| 362 | |a 05/2019 | ||
| 520 | 3 | |a Trong số này bao gồm các chủ đề tin tức - sự kiện; thực hiện thắng lợi nghị quyết 28-NQ/TW; vấn đề bạn đọc quan tâm; nghiên cứu - trao đổi; thực tiển - kinh nghiệm; mô hình - điển hình; nhìn ra thế giới; BHYT và đời sống; vấn đề hôm nay; vì an sinh xã hội; tin vắn an sinh xã hội. | |
| 655 | |a Tạp chí | ||
| 942 | |2 ddc |c CR | ||
| 952 | |0 0 |1 0 |2 ddc |4 0 |6 344_597020000000000_B108H |7 0 |9 23248 |a 000001 |b 000001 |d 2022-04-22 |o 344.59702 B108H |r 2022-04-22 |w 2022-04-22 |y CR | ||
| 980 | |a Thư viện Trường Đại học Nam Cần Thơ | ||